Nepriame dane a ich zobrazenie v účtovníctve bakalárska práca

Gespeichert in:
Bibliographische Detailangaben
1. Verfasser: Bystranská, Andrea
Körperschaft: Fakulta hospodárskej informatiky EU. Katedra účtovníctva a audítorstva
Weitere Verfasser: Solík, Ján
Format: Buch
Sprache:Slowakisch
Veröffentlicht: Bratislava 2009
Tags: Tag hinzufügen
Keine Tags, Fügen Sie das erste Tag hinzu!

MARC

LEADER 00000nam$a2200000$$$4500
001 0101045
005 20240318134743.3
041 0 |a slo 
044 |a SK 
245 1 0 |a Nepriame dane a ich zobrazenie v účtovníctve  |b bakalárska práca  |c Andrea Bystranská ; škol. Ján Solík 
264 1 |a Bratislava  |c 2009 
300 |a 36 s. 
100 1 |a Bystranská, Andrea 
700 1 |a Solík, Ján 
710 2 |a Fakulta hospodárskej informatiky EU. Katedra účtovníctva a audítorstva